000 00759nam a2200253Ia 4500
003 OSt
005 20221006154157.0
006 a|||||r|||| 00| 0
007 ta
008 221006b |||||||| |||| 00| 0 eng d
020 _a9780765617774
_c
_53.96
024 _a34,627
037 _bGift, Japan Foundation
_cTextual
040 _aEASL
_cEASL
_beng
041 _2eng
_aeng
082 _aV42:191,(zM).N49, P8
100 _aEarhart David C
_9666910
245 0 _aCertain victory
_b Images of world war II in the Japanese media
260 _aArmonk
_bM. E. Sharpe
_c2008
300 _a532p.
_ccm.
490 _v JEL
942 _hV42:191,(zM).N49, P8
_cTEXL
_2CC
999 _c1102713
_d1102713